[Event "Bordeaux"]
[Site "Bordeaux"]
[Date "2013.11.01"]
[Round "9"]
[White "Perez, Patrick"]
[Black "Armentia, Marc"]
[Result "1-0"]
[WhiteElo "1807"]
[BlackElo "1648"]
[PlyCount "93"]
[EventDate "2013.10.26"]
[EventType "tourn"]
[EventRounds "9"]
[EventCountry "FRA"]
[SourceTitle "EXT 2015"]
[Source "ChessBase"]
[SourceDate "2014.11.20"]
[SourceVersion "1"]
[SourceVersionDate "2014.11.20"]
[SourceQuality "1"]

1. c4 e5 2. g3 c6 3. Bg2 d5 4. b3 Nf6 5. Bb2 Bd6 6. d3 Qa5+ 7. Nd2 0-0 8. a3 dxc4 9. b4 Qd8 10. Nxc4 Re8 11. Nxd6 Qxd6 12. Qc2 Bf5 13. Rd1 Qe7 14. e3 e4 15. d4 Nd5 16. Ne2 a5 17. bxa5 Rxa5 18. h3 c5 19. 0-0 Nc6 20. Rd2 cxd4 21. Nxd4 Nxd4 22. Rxd4 Nf6 23. Rfd1 Qc5 24. Qd2 Raa8 25. Kh2 Rac8 26. Rc1 Qe7 27. Rxc8 Rxc8 28. Rd6 Ne8 29. Rd5 Bg6 30. Rd7 Qc5 31. Rxb7 Nf6 32. Bxf6 gxf6 33. Qb2 Re8 34. Rb8 Rc8 35. Rxc8+ Qxc8 36. a4 f5 37. a5 f4 38. gxf4 Bf5 39. Bf1 Be6 40. a6 Qa8 41. Qb7 Bd5 42. Qxa8+ Bxa8 43. f5 Kg7 44. Kg3 Kf6 45. Kf4 Bc6 46. Bg2 Bb5 47. a7 1-0